Course introduction to quaternary geology

This book represents the quaternary (as introduction, climate and climate changes); geomorphology, sedimentology,...

Wedi'i Gadw mewn:
Manylion Llyfryddiaeth
Fformat: Llyfr
Iaith:Undetermined
Cyhoeddwyd: Thailand The Committee for coodination of offshore 1984
Pynciau:
Tagiau: Ychwanegu Tag
Dim Tagiau, Byddwch y cyntaf i dagio'r cofnod hwn!
Thư viện lưu trữ: Trung tâm Học liệu Trường Đại học Cần Thơ
LEADER 00669nam a2200181Ia 4500
001 CTU_143847
008 210402s9999 xx 000 0 und d
082 |a 551.41 
082 |b C858 
245 0 |a Course introduction to quaternary geology 
245 0 |c Edited by Narong Thiramongkol 
260 |a Thailand 
260 |b The Committee for coodination of offshore 
260 |c 1984 
520 |a This book represents the quaternary (as introduction, climate and climate changes); geomorphology, sedimentology,... 
650 |a Geology, Stratigraphic,Geomorphology,Quaternary geology 
650 |y Quaternary 
980 |a Trung tâm Học liệu Trường Đại học Cần Thơ